| 000 | 00589nam a2200193 a 4500 | ||
|---|---|---|---|
| 005 | 20240315063720.0 | ||
| 008 | 010705s2000 mx r 000 0 spa d | ||
| 020 | _a9685087172 | ||
| 035 | _aUPN01000109246 | ||
| 049 | _aCG | ||
| 050 | 4 |
_aHN980 _bD4.7 |
|
| 245 | 0 | 0 |
_aDesafíos y tendencias del México actual / _cJoaquín Osorio Goicoechea coord. |
| 260 |
_aTlaquepaque, Jal. : _bITESO, _c2000. |
||
| 300 |
_a249 p. : _bcuadros, gráfs. |
||
| 440 | 0 | _aAvances | |
| 651 | 4 |
_aMéxico _xHistoria _ySiglo XX _94443 |
|
| 651 | 4 |
_aMéxico _xPolítica y gobierno _ySiglo XX _94442 |
|
| 905 | _aLibro | ||
| 999 |
_c83157 _d83157 |
||